Veusaqui que una vegada ... : rondalles / den Joseph Morató ; ab ilustracions de l'Apa rondalles / den Joseph Morató ; ab ilustracions de l'Apa
Descripción Física:
93 p. ; 23 cm
Colección:
Biblioteca Patufet ; 3
Otros Autores:
Apa
Materias:
Contes infantils
MARC
| LEADER | 00000nam a2200000Ia 4500 | ||
|---|---|---|---|
| 001 | 13186 | ||
| 008 | 160829s1907 xx 000 0 cat d | ||
| 080 | |a L-1-354 | ||
| 100 | |a Morató i Grau, Josep |9 25168 | ||
| 245 | |a Veusaqui que una vegada ... : |b rondalles / den Joseph Morató ; ab ilustracions de l'Apa | ||
| 260 | |a Barcelona : |b J. Baguñà, |c 1907 | ||
| 300 | |a 93 p. ; |c 23 cm | ||
| 490 | |a Biblioteca Patufet ; 3 | ||
| 590 | |a Conté : Al país dels sabis ; El sopar de compare Llop ; En Banyeta xich ; El temps de la picor ; Rosa bonica la gentil fadrina ; En Pere de la Cullera ; L'àngel de la son | ||
| 655 | 0 | |a Contes infantils |9 67183 | |
| 700 | |a Apa |9 25170 | ||
| 901 | |a Arxiu | ||
| 942 | |n 1 | ||
| 952 | |0 0 |1 0 |4 0 |6 L1354 |7 1 |9 43480 |a Arxiu |b Arxiu |d 2016-12-01 |l 0 |o L-1-354 |p 13186 |r 2016-12-01 00:00:00 |w 2016-12-01 |y ARXIU | ||
| 999 | |c 46026 |d 46026 | ||